Commercial and sustainable extraction of non-timber forest products : (Registro nro. 157)

Detalles MARC
000 -CABECERA
Campo de control 00777nam a2200217 i 4500
005 - FECHA Y HORA DE LA ULTIMA TRANSACCION
Campo de control 20200104041507.0
008 - ELEMENTOS DE LONGITUD FIJA—INFORMACION GENERAL
Campo de control 140219s1995 mx ||||| |||| 00| 0 spa d
040 ## - FUENTE DE CATALOGACIÓN
Agencia catalogadora original CO-BoIAVH
Agencia transcriptora CO-BoIAVH
041 ## - IDIOMA
Código de idioma para texto/pista de sonido o título separado Inglés
082 04 - NUMERO DE CLASIFICACION DECIMAL DEWEY
Número de clasificación 338.17498
Número del ítem R78c
100 1# - ASIENTO PRINCIPAL--NOMBRE PERSONAL
Nombre personal Ros Tonen, Mirjam
9 (RLIN) 6729
245 10 - MENCION DE TITULO
Título Commercial and sustainable extraction of non-timber forest products :
Parte restante del título towards a policy and management oriented research strategy /
Mención de responsabilidad Mirjan Ros-Tonen.
260 ## - PUBLICACION, DISTRIBUCION, ETC. (PIE DE IMPRENTA)
Lugar de publicación, distribución, etc. México :
Nombre del editor, distribuidor, etc. Tropenbos Foundation,
Fecha de publicación, distribución, etc. 1995.
300 ## - DESCRIPCION FISICA
Extensión 32 páginas ;
Dimensiones 27 cm.
650 14 - ASIENTO SECUNDARIO DE MATERIA - TERMINO TEMATICO
Término temático o nombre geográfico como elemento de entrada Productos forestales
9 (RLIN) 59661
650 24 - ASIENTO SECUNDARIO DE MATERIA - TERMINO TEMATICO
Término temático o nombre geográfico como elemento de entrada Uso sostenible
9 (RLIN) 344
650 24 - ASIENTO SECUNDARIO DE MATERIA - TERMINO TEMATICO
Término temático o nombre geográfico como elemento de entrada Desarrollo sostenible
9 (RLIN) 278
700 ## - ASIENTO SECUNDARIO - NOMBRE PERSONAL
Nombre personal Dijkman, Wim,
Término de relación autor.
9 (RLIN) 6734
700 ## - ASIENTO SECUNDARIO - NOMBRE PERSONAL
Nombre personal Bueren, Erik Lammerts van,
Término de relación autor.
9 (RLIN) 6735
942 ## - ELEMENTOS ADICIONALES (KOHA)
Tipo de ítem Libro
Sistema de clasificación Dewey Decimal Classification
Existencias
Withdrawn status Lost status Sistema de Clasificación Damaged status No para préstamo Colección Inventariado Ubicación Permanente Ubicación actual Fecha de adquisición Fuente de Valor Valor Total Checkouts Número topográfico Inventario / Código de Barras Date last seen Ejemplar Price effective from Forma de adquisición Tipo de material
    Dewey Decimal Classification     General Inventariado 2017 Bogotá Bogotá 23/12/1997 Instituto 39000.00   LB-338.17498 R78c 000194 04/12/2012 Ej. 1 04/12/2012   Libro
    Dewey Decimal Classification     General Inventariado 2017 Bogotá Bogotá 23/12/1997 Instituto 39000.00   LB-338.17498 R78c 004763 04/12/2012 Ej. 2 04/12/2012   Libro
    Dewey Decimal Classification     General Inventariado 2017 Sala Fabio Quevedo Sala Fabio Quevedo 23/12/1997 Instituto 39000.00   LB-338.17498 R78c 000195 04/12/2012 Ej. 3 04/12/2012   Libro
    Dewey Decimal Classification     General Inventariado 2017 Sala Fabio Quevedo Sala Fabio Quevedo 26/09/2017 Instituto 39000.00   LB-338.17498 R78c 004764 26/09/2017 Ej. 4 26/09/2017 Donación Libro